| 000 | 01018nam a2200253 i 4500 | ||
|---|---|---|---|
| 001 | 11518 | ||
| 003 | ES-MaACL | ||
| 005 | 20250817120120.0 | ||
| 007 | t| | ||
| 008 | 010315m19809999sp ||||1| spa d | ||
| 020 | _a84-00-06318-X | ||
| 080 | _a807.5-3=60 | ||
| 245 | 0 | 0 |
_aDiccionario griego-español / _credactado bajo la dirección de Francisco R. Adrados... por Elvira Gangutia... [et al.]. |
| 260 |
_aMadrid : _bInstituto "Antonio de Nebrija", _c1980-<2002> |
||
| 300 |
_a<6> v. ; _c28 cm. |
||
| 500 | _aTit. de la cub. Diccionario griego-español (DGE) | ||
| 505 | 8 | _aI: [a-alla]-- II: [alla-ponoinonetos]-- III: [apokoiteo-basileus]-- IV: [basileutos-daimon]-- V: [dainumi-dionisos]-- VI: [diosikeleuzos-ekpelekao] | |
| 650 | 1 | 4 |
_aLengua griega- _vDiccionarios- _xEspañol. _914242 |
| 700 | 1 |
_aRodríguez Adrados, Francisco, _d1922-2020 _998318 |
|
| 700 | 1 |
_aGangutia, Elvira. _953860 |
|
| 710 | 2 |
_aInstituto Antonio de Nebrija. _94795 |
|
| 852 |
_aES-MaACL _jP-366 _bR.113112 |
||
| 999 |
_c11518 _d11518 |
||